| 000 | 00506nam a2200169Ia 4500 | ||
|---|---|---|---|
| 008 | 090201s9999 xx 000 0 und d | ||
| 010 | _aKPL-40989 | ||
| 040 | _bमराठी | ||
| 041 | _aमराठी | ||
| 082 |
_a31047 _b40989 |
||
| 100 | _aयोगिनी जोगळेकर | ||
| 245 |
_aदसरा _cयोगिनी जोगळेकर |
||
| 260 |
_c2004 _bमेघदूत प्रकाशन |
||
| 300 |
_a193 _bमोठा |
||
| 600 | _aदसरा | ||
| 942 | _cBOOK | ||
| 999 |
_c229545 _d229545 |
||